000 00451nam a2200169Ia 4500
999 _c783
_d783
003 OSt
005 20210901111440.0
008 190216s9999||||xx |||||||||||||| ||und||
040 _coclc
082 _a297
_bAFE/S
100 _aAfeefi, Abdu Razak
_98743
245 0 _aShubahath Haula Assunnath /
_cAbdu Razak Afeefi
260 _bAl Awkaf K S A,
300 _a69p
650 _aArabic
942 _cBK
_2ddc
_h297
_iAFE/S
_k297
_mAFE/S